| 000 | 01270cam a22002891i 4500 | ||
|---|---|---|---|
| 003 | SA-RiAUC | ||
| 005 | 20250707164810.0 | ||
| 008 | 250623s2004 su g f00010bara c | ||
| 020 | _a9960037371 | ||
| 040 |
_aSA-MaUQU _bara _cSA-RiAUC _erda |
||
| 082 | 0 | 4 |
_a922.58 _qSA-RiAUC |
| 090 |
_a922.58 _bص ق ر |
||
| 100 | 1 |
_aصقر، عطية عبد الحليم _eمؤلف. |
|
| 245 | 1 | 2 |
_aالشيخ محمد بن عبد العزيز المانع 1298-1385 هـ. : _bحياته وآثاره / _cعطية عبد الحليم صقر. |
| 250 | _aالطبعة الأولى. | ||
| 264 | 1 |
_aمكة المكرمة : _bجامعة أم القرى، لجنة تكريم رواد مكة المكرمة، _c2004 |
|
| 300 |
_a40 صفحة ؛ _c24 سم. |
||
| 336 |
_aنص _btxt _2rdacontent _3كتاب |
||
| 337 |
_aبدون وسيط _bn _2rdamedia |
||
| 338 |
_aمجلد _bnc _2rdacarrier |
||
| 490 | 0 |
_aسلسلة السير والآثار العلمية ؛ _v2 |
|
| 600 | 1 | 7 |
_aابن مانع، محمد بن عبد العزيز بن محمد، _d1298-1385 هجري _2aucnm |
| 650 | 7 |
_aالفقهاء الحنابلة _vتراجم _2aucsh |
|
| 856 |
_a _zhttp://libback.uqu.edu.sa/hipres/e-book/eb1968.pdf |
||
| 942 |
_2ddc _cBOOK _n0 |
||
| 949 |
_aSA-JeALM _d250623 _umohamedma123 _n1 |
||
| 999 |
_c9567 _d9567 |
||